|
|
|
|
| LEADER |
00000aam a2200000 a 4500 |
| 001 |
vtls010429057 |
| 003 |
SK-MaSNL |
| 005 |
20260311130745.0 |
| 008 |
240314s2012 xr 001 0 cze |
| 015 |
|
|
|a SNBZSA2013-00197
|
| 020 |
|
|
|a 9788073577421
|q (1. zv. : viaz.)
|
| 020 |
|
|
|a 9788073577582
|q (súbor : viaz.)
|
| 035 |
|
|
|a 32B06DDB-99E5-416A-BE86-0276DDA161B8
|
| 035 |
|
|
|a urn:nbn:sk:snk-amlc3a
|
| 035 |
|
|
|a urn:nbn:sk:snk-am0091mb
|
| 040 |
|
|
|a SNK
|b slo
|c SNK
|e AACR2
|
| 041 |
0 |
|
|a cze
|
| 043 |
|
|
|a e-cs---
|
| 044 |
|
|
|a xr
|c CZ
|
| 072 |
|
7 |
|a 347
|x Súkromné právo
|2 konspekt
|
| 072 |
|
7 |
|a 37.016
|x Učebné osnovy. Vyučovacie predmety. Učebnice
|2 konspekt
|
| 080 |
|
|
|a 347
|2 2001
|
| 080 |
|
|
|a 340
|2 2001
|
| 080 |
|
|
|a (075.8)
|2 2001
|
| 080 |
|
|
|a (437)
|2 2001
|
| 100 |
1 |
|
|a Sedláček, Jaromír,
|d 1885-1945
|4 aut
|9 103700
|
| 245 |
1 |
0 |
|a Občanské právo československé
|b všeobecné nauky
|c Jaromír Sedláček ; editor Jiří Spáčil
|
| 246 |
3 |
0 |
|a Všeobecné nauky
|
| 260 |
|
|
|a Praha
|b Wolters Kluwer Česká republika
|c 2012
|
| 300 |
|
|
|a xxiv, ii, 299 s.
|c 24 cm
|
| 490 |
1 |
|
|a Klasická právnická díla
|
| 500 |
|
|
|a Reprint původního vyd.
|
| 504 |
|
|
|a Obsahuje bibliografie a register
|
| 648 |
|
7 |
|a 1918-1939
|2 SVKBBPH
|9 283412
|
| 650 |
0 |
7 |
|a občianske právo
|2 SNKPH
|9 981
|
| 650 |
0 |
7 |
|a právna veda
|2 SNKPH
|9 2684
|
| 650 |
0 |
7 |
|a Civil law
|2 SNKPHeng
|9 266960
|
| 650 |
0 |
7 |
|a Jurisprudence
|2 SNKPHeng
|9 302814
|
| 651 |
|
7 |
|a Československo
|2 SNKPH
|9 21376
|
| 651 |
|
7 |
|a Czechoslovakia
|2 SNKPHeng
|9 265183
|
| 655 |
|
7 |
|a učebnice vysokých škôl
|2 SNKPH
|9 70191
|
| 655 |
|
7 |
|a reprinty
|2 SVKBBPH
|9 292753
|
| 655 |
|
7 |
|a Textbooks (higher)
|2 SNKPHeng
|9 276436
|
| 700 |
1 |
|
|a Spáčil, Jiří,
|d 1953-
|4 edt
|9 117290
|
| 830 |
|
0 |
|a Klasická právnická díla
|9 331527
|
| 852 |
|
|
|a Štátna vedecká knižnica v Banskej Bystrici
|
| 919 |
|
|
|a 978-80-7357-742-1
|
| 958 |
|
|
|a ZS
|
| 958 |
|
|
|a CZ
|
| 958 |
|
|
|a NB
|
| 958 |
|
|
|a SP
|
| 958 |
|
|
|a OND
|
| 999 |
|
|
|c 751680
|d 753610
|
| 952 |
|
|
|a SNK
|b SNK
|y PREZ
|7 0
|p 17A1059327
|o snkSC 152319
|i snk2012/25534
|8 4
|g 36.51
|0 0
|1 0
|4 0
|d 2012-06-20
|f 1
|l 0
|r 2025-07-22 00:00:00
|w 2026-02-23
|